Capitales de l'Union Européenne en 30 secondes - Statistiques

Statistiques générales
  • Ce quiz a été pris 192 fois
  • Le résultat moyen est 11 sur 27
Statistiques - réponses
pays capitale % Correct
Allemagne Berlin
98%
France Paris
84%
Espagne Madrid
81%
Autriche Vienne
81%
Belgique Bruxelles
78%
Bulgarie Sofia
59%
Croatie Zagreb
59%
Italie Rome
51%
Danemark Copenhague
48%
Chypre Nicosie
45%
Estonie Tallinn
42%
Grèce Athenes
41%
Finlande Helsinki
41%
Portugal Lisbonne
37%
Hongrie Budapest
36%
Lettonie Riga
32%
Irlande Dublin
29%
Luxembourg Luxembourg
29%
Roumanie Bucarest
26%
Pays-Bas Amsterdam
23%
République tchèque Prague
21%
Malte La Valette
19%
Pologne Varsovie
16%
Lituanie Vilnius
15%
Slovaquie Bratislava
12%
Suède Stockholm
11%
Slovénie Ljubljana
9%
Aucun quiz correspondant
Distribution des résultats
% des personnes avec chaque résultat
Percentile par nombre de réponses
Votre historique - résultats
Vous n’avez pas pris ce quiz